Héléna - Chansons de l'album Hélé - Statistiques

Statistiques générales
  • Ce quiz a été pris 551 fois
    208 depuis la dernière actualisation
  • Le résultat moyen est 15 sur 18
Statistiques - réponses
Hint Réponse % Correct
Hélé 4 Mauvais garçon
98%
Hélé 5 Gentil garçon
94%
Hélé 2 15 Piscine
93%
Hélé 2 16 Capuche
92%
Hélé 11 Summer Body
90%
Hélé 1 Mon Piano et moi
84%
Hélé 9 Bonne maman
83%
Hélé 3 Karma
83%
Hélé 2 17 Nuage
83%
Hélé 2 18 Maman s'inquiète (feat. Brigitte)
82%
Hélé 12 Mélatonine
82%
Hélé 2 14 Loin de toi (jamais)
79%
Hélé 13 Adieu mon amour
78%
Hélé 6 Boule au ventre
76%
Hélé 10 Je t’aime (bien)
76%
Hélé 7 Pieds sur Terre
71%
Hélé 8 Tout gâcher
66%
Hélé 2 Tout a changé (rien n’a changé)
63%
Aucun quiz correspondant
Distribution des résultats
% des personnes avec chaque résultat
Percentile par nombre de réponses
Votre historique - résultats
Vous n’avez pas pris ce quiz depuis la dernière actualisation